| 000 | 00501nam a22001577a 4500 | ||
|---|---|---|---|
| 008 | 161121b xxu||||| |||| 00| 0 eng d | ||
| 020 | _a978-93-5111-490-1 | ||
| 082 |
_22015 _aDC 659.2 _bG95 |
||
| 100 |
_917705 _aGupta, Ruchika. _eauthor. |
||
| 245 |
_aPublic relations and media/ _cRuchika Gupta. |
||
| 260 |
_aNew Delhi, India: _bRandom Publications, _cc2015. |
||
| 300 |
_a281 pages; _c24 cm. |
||
| 500 | _aIncludes bibliographical references. | ||
| 650 | 0 |
_917707 _aPublic relations. |
|
| 942 |
_2ddc _cDC |
||
| 999 |
_c5816 _d5816 |
||